Hrabstwa Anglii - quiz na mapie - Statystyki

Ogólne statystyki
  • Ten quiz został rozwiązany 113 razy
  • Średni wynik to 26 z 47
Odpowiedzi na mapie
Odpowiedzi zakodowano w zielono-czerwonej skali na mapie do tego quizu, zgodnie z poniższymi procentami.
 
Statystyki odpowiedzi
Odpowiedź % Poprawnych
Cornwall
93%
Greater London
86%
City of Bristol
82%
Isle of Wight
79%
Kent
75%
Devon
68%
Dorset
68%
East Sussex
68%
West Sussex
64%
Oxfordshire
61%
Surrey
61%
Berkshire
57%
Greater Manchester
57%
Hampshire
57%
Somerset
57%
South Yorkshire
57%
Wiltshire
57%
Buckinghamshire
54%
Cumbria
54%
East Riding of Yorkshire
54%
Essex
54%
Lincolnshire
54%
Northumberland
54%
North Yorkshire
54%
Suffolk
54%
Tyne and Wear
54%
Bedfordshire
50%
Cambridgeshire
50%
Gloucestershire
50%
Hertfordshire
50%
Leicestershire
50%
Merseyside
50%
Norfolk
50%
Nottinghamshire
50%
West Yorkshire
50%
Durham
46%
Lancashire
43%
Northamptonshire
43%
Rutland
43%
Shropshire
43%
Warwickshire
43%
Derbyshire
39%
Staffordshire
39%
West Midlands
39%
Worcestershire
39%
Cheshire
36%
Herefordshire
36%
Nie znaleziono quizów pasujących do podanych kryteriów
Rozkład punktacji
Procent ludzi z każdym wynikiem
Percentyl według liczby udzielonych odpowiedzi
Twoja historia wyników
Nie rozwiązałeś tego quizu